Top 3 NFL Players on Every Defense - Statistics

General Stats
  • This quiz has been taken 52 times
    45 since last reset
  • The average score is 26 of 124
Answer Stats
Team Position Answer % Correct
Cardinals DE JJ Watt
71%
Steelers LB TJ Watt
71%
Bills CB TreDavious White
63%
Raiders LB Chandler Jones
60%
Cardinals SS Budda Baker
54%
Chiefs DT Chris Jones
54%
Ravens CB Marcus Peters
54%
Chargers LB Joey Bosa
51%
Browns DE Myles Garrett
51%
49ers DE Nick Bosa
51%
Bills LB Von Miller
49%
Falcons CB AJ Terrell
46%
Rams CB Jalen Ramsey
46%
Rams DT Aaron Donald
43%
Chargers LB Khalil Mack
40%
Cowboys LB Micah Parsons
40%
Cowboys CB Trevon Diggs
40%
Falcons DT Grady Jarrett
37%
Ravens CB Marlon Humphrey
37%
Rams LB Bobby Wagner
34%
Commanders DE Chase Young
34%
Bills LB Matt Milano
34%
HM Colts CB Stephon Gilmore
34%
Panthers DE Brian Burns
31%
Cardinals CB Byron Murphy
31%
Packers LB DeVondre Campbell
31%
Steelers DT Cameron Heyward
29%
Saints DE Cameron Jordan
29%
Eagles CB Darius Slay
29%
49ers LB Fred Warner
29%
Panthers CB Jaycee Horn
29%
Broncos S Justin Simmons
29%
Colts LB Darius Leonard
26%
Cowboys DE DeMarcus Lawrence
26%
Saints LB Demario Davis
26%
Browns CB Denzel Ward
26%
Eagles DT Fletcher Cox
26%
Packers CB Jaire Alexander
26%
Seahawks SS Jamal Adams
26%
Eagles CB James Bradberry
26%
Bengals S Jessie Bates
26%
(HM) Bucs LB Lavonte David
26%
Steelers S Minkah Fitzpatrick
26%
Broncos CB Patrick Surtain
26%
(HM) Saints | Chiefs S Tyrann Mathieu
26%
Bucs DT Vita Vea
26%
Dolphins CB Xavien Howard
26%
Broncos DE Bradley Chubb
23%
Jets DT Quinnen Williams
23%
Bengals DT Trey Hendrickson
23%
Jets LB CJ Mosley
20%
Colts DT DeForest Buckner
20%
Bears S Eddie Jackson
20%
Vikings LB Eric Kendricks
20%
Jaguars LB Josh Allen
20%
Packers DT Kenny Clark
20%
Titans S Kevin Byard
20%
HM Ravens S Kyle Hamilton
20%
Saints CB Marshon Lattimore
20%
Raiders DE Maxx Crosby
20%
Bears DE Robert Quinn
20%
HM Bills LB Tremaine Edmunds
20%
49ers DE Arik Armstead
17%
Patriots S Devin McCourty
17%
Vikings S Harrison Smith
17%
Commanders DT Jonathan Allen
17%
Giants DE Leonard Williams
17%
Bengals LB Logan Wilson
17%
Bucs S Antoine Winfield
14%
Dolphins DT Christian Wilkins
14%
Vikings DE Danielle Hunter
14%
Falcons LB Deion Jones
14%
HM Bills DT Ed Oliver
14%
Chargers CB JC Jackson
14%
Browns LB Jeremiah Owusu-Koramoah
14%
Colts CB Kenny Moore
14%
HM Commanders S Landon Collins
14%
(HM) Saints S Marcus Maye
14%
Patriots LB Matt Judon
14%
Seahawks FS Quandre Diggs
14%
HM Bucs CB Richard Sherman
14%
HM Ravens DE Calais Campbell
11%
HM Bucs CB Carlton Davis
11%
HM Commanders DT Daron Payne
11%
Bucs LB Devin White
11%
Titans DT Jeffery Simmons
11%
Dolphins S Jevon Holland
11%
Commanders CB Kendall Fuller
11%
Chiefs LB Nick Bolton
11%
Bears DT Akiem Hicks
9%
Lions CB Amani Oruwariye
9%
Texans DB Desmond King
9%
Seahawks LB Jordyn Brooks
9%
HM Bengals DE Sam Hubbard
9%
HM Colts CB Xavier Rhodes
9%
(HM) Saints S Chauncey Gardner-Johnson
6%
Panthers CB CJ Henderson
6%
HM Rams CB David Long
6%
(HM) Steelers LB Devin Bush
6%
Titans LB Harold Landry
6%
HM Eagles LB Kyzir White
6%
Patriots CB Malcolm Butler
6%
Ravens S Marcus Williams
6%
HM Bengals CB Mike Hilton
6%
HM Steelers LB Myles Jack
6%
Giants S Xavier McKinney
6%
Giants DE Azeez Ojulari
3%
Jets CB Bryce Hall
3%
HM Bengals CB Chidobe Awuzie
3%
Jaguars CB Darious Williams
3%
HM Bucs S Mike Edwards
3%
Raiders CB Nate Hobbs
3%
HM Ravens DE Odafe Oweh
3%
HM (Jets) LB Quincy Williams
3%
Lions LB Romeo Okwara
3%
Texans DT Roy Lopez
3%
Jaguars CB Shaquill Griffin
3%
HM Panthers S Xavier Woods
3%
HM Jaguars LB Damien Wilson
0%
Lions DT Julian Okwara
0%
Texans LB Kamu Grugier-Hill
0%
HM Commanders S Troy Apke
0%
HM Ravens LB Tyus Bowser
0%
No matching quizzes found
Score Distribution
Percent of People with Each Score
Percentile by Number Answered
Your Score History
You have not taken this quiz since the last reset